000 01643nam a2200397 c 4500
999 _c40966
_d40966
003 BLK
005 20250617090925.0
008 180408b bul|||||r ||||||| ||bul||
010 _aKNG00044475000
020 _a978-954-26-1026-7
040 _aBLK
041 _aBUL
_cBUL
072 7 _2bullib
_aН85
_xДетска художествена литература Н
080 _aАнглийска литература
_b821.111
_x-93-31
_z821.111-93-31
100 1 _aБари, Джеймс Матю
_936654
139 _aБари, Джеймс Матю
_bБ 26
245 1 0 _aПитър Пан
_cДжеймс Матю Бари; прев. от англ. Маргарита Дограмаджян.
257 _aGBR
260 _aПловдив
_bХермес
_c2011
_fХасково : Полиграфюг
300 _a176 с.
_c20 см
380 _aDX
490 1 _aЗлатно перо : Детско-юношеска класика
500 _aОриг. загл. Peter Pan / James Matthew Barrie. - 1. изд. 1981 на изд. Отечество в Библиотека Смехурко ; 11. - Доп. тир. 2014, 2017.
653 _aромани
653 _aлитература за деца
653 _aдетска литература
659 _aН
700 1 _aДограмаджян, Маргарита Месроб
_eпрев. от англ.
_963864
852 _aЦб 254034
856 4 _qpdf
856 4 _qpdf
942 _cKNG
_n0
_048
_s1
944 _aCR
_c17.12.2011
_lБояна Костадинова
_k30551
944 _aED
_c01.07.2016
_lф /
_kВиолета_Тройчева
999 _d40966